<?xml version="1.0" encoding="UTF-8"?>
<record
    xmlns:xsi="http://www.w3.org/2001/XMLSchema-instance"
    xsi:schemaLocation="http://www.loc.gov/MARC21/slim http://www.loc.gov/standards/marcxml/schema/MARC21slim.xsd"
    xmlns="http://www.loc.gov/MARC21/slim">

  <leader>02675nam0a22005051  4500</leader>
  <controlfield tag="001">RU\NLR\A1\8010</controlfield>
  <controlfield tag="005">20260408063522.0</controlfield>
  <datafield tag="035" ind1=" " ind2=" ">
    <subfield code="a">(NLR Aleph) 009673160</subfield>
  </datafield>
  <datafield tag="090" ind1=" " ind2=" ">
    <subfield code="a">9671072</subfield>
    <subfield code="c">9671072</subfield>
  </datafield>
  <datafield tag="100" ind1=" " ind2=" ">
    <subfield code="a">19960508d1786    m  y0rusy50      ca</subfield>
  </datafield>
  <datafield tag="101" ind1="1" ind2=" ">
    <subfield code="a">rus</subfield>
    <subfield code="c">fre</subfield>
  </datafield>
  <datafield tag="102" ind1=" " ind2=" ">
    <subfield code="a">RU</subfield>
  </datafield>
  <datafield tag="135" ind1=" " ind2=" ">
    <subfield code="a">crcn 024anaba</subfield>
  </datafield>
  <datafield tag="140" ind1=" " ind2=" ">
    <subfield code="a">y   y            eayaa0010  </subfield>
  </datafield>
  <datafield tag="200" ind1="1" ind2=" ">
    <subfield code="a">&#x418;&#x441;&#x442;&#x43E;&#x440;&#x438;&#x44F; &#x434;&#x435;&#x432;&#x438;&#x446;&#x44B; &#x434;&#x435; &#x41C;&#x43E;&#x440;&#x441;&#x430;&#x43D;, &#x438;&#x43B;&#x438; &#x411;&#x43B;&#x430;&#x433;&#x43E;&#x43F;&#x43E;&#x43B;&#x443;&#x447;&#x43D;&#x430;&#x44F; &#x43E;&#x441;&#x43F;&#x430;</subfield>
    <subfield code="g">&#x41F;&#x435;&#x440;&#x435;&#x432;&#x435;&#x434;&#x435;&#x43D;&#x430; &#x441; &#x444;&#x440;&#x430;&#x43D;&#x446;&#x443;&#x437;&#x441;&#x43A;&#x430;&#x433;&#x43E; &#x44F;&#x437;&#x44B;&#x43A;&#x430; &#x43A;&#x43D;&#x44F;&#x437;&#x435;&#x43C; &#x41F;&#x430;&#x440;&#x444;&#x435;&#x43D;&#x438;&#x435;&#x43C; &#x415;&#x43D;&#x433;&#x430;&#x43B;&#x44B;&#x447;&#x435;&#x432;&#x44B;&#x43C;</subfield>
  </datafield>
  <datafield tag="210" ind1=" " ind2=" ">
    <subfield code="a">&#x412; &#x41C;&#x43E;&#x441;&#x43A;&#x432;&#x435;,</subfield>
    <subfield code="c">&#x432; &#x442;&#x438;&#x43F;&#x43E;&#x433;&#x440;&#x430;&#x444;&#x438;&#x438; &#x41F;&#x43E;&#x43D;&#x43E;&#x43C;&#x430;&#x440;&#x435;&#x432;&#x430;</subfield>
    <subfield code="d">1786</subfield>
  </datafield>
  <datafield tag="215" ind1=" " ind2=" ">
    <subfield code="a">23, [1] &#x441;.</subfield>
    <subfield code="d">8&#xB0;</subfield>
  </datafield>
  <datafield tag="300" ind1=" " ind2=" ">
    <subfield code="a">&#x412; &#x434;&#x440;. &#x43F;&#x435;&#x440;&#x435;&#x432;&#x43E;&#x434;&#x435; &#x432;&#x445;&#x43E;&#x434;&#x438;&#x442; &#x432; &#x441;&#x43E;&#x441;&#x442;&#x430;&#x432; &#x43A;&#x43D;.: "&#x421;&#x43E;&#x441;&#x443;&#x434; &#x440;&#x430;&#x437;&#x43D;&#x44B;&#x445; &#x442;&#x432;&#x43E;&#x440;&#x435;&#x43D;&#x438;&#x439; &#x43C;&#x430;&#x440;&#x43A;&#x438;&#x437;&#x430; &#x434;&#x435; &#x412;&#x430;&#x440;&#x436;&#x435;&#x43C;&#x43E;&#x43D;&#x442;&#x430;..."</subfield>
  </datafield>
  <datafield tag="300" ind1=" " ind2=" ">
    <subfield code="a">&#x426;&#x435;&#x43D;&#x437;.: &#x43F;&#x435;&#x447;&#x430;&#x442;&#x430;&#x43D;&#x43E; &#x441; &#x443;&#x43A;&#x430;&#x437;&#x43D;&#x430;&#x433;&#x43E; &#x434;&#x43E;&#x437;&#x432;&#x43E;&#x43B;&#x435;&#x43D;&#x438;&#x44F;</subfield>
  </datafield>
  <datafield tag="316" ind1=" " ind2=" ">
    <subfield code="a">&#x42D;&#x43A;&#x437;. &#x420;&#x41D;&#x411; (18.237.4.265) &#x432; &#x433;&#x43E;&#x43B;&#x443;&#x431;&#x43E;&#x439; &#x431;&#x443;&#x43C;&#x430;&#x436;&#x43D;&#x43E;&#x439; &#x43E;&#x431;&#x43B;&#x43E;&#x436;&#x43A;&#x435;. &#x41D;&#x430; 1-&#x439; &#x441;. &#x43E;&#x431;&#x43B;. &#x43D;&#x430;&#x43A;&#x43B;&#x435;&#x439;&#x43A;&#x430; &#x441; &#x448;&#x438;&#x444;&#x440;&#x43E;&#x43C; &#x420;&#x41D;&#x411;. &#x41E;&#x431;&#x440;&#x435;&#x437; &#x442;&#x43E;&#x43D;&#x438;&#x440;&#x43E;&#x432;&#x430;&#x43D; &#x436;&#x435;&#x43B;&#x442;&#x44B;&#x43C;. &#x41D;&#x430; &#x441;.2 &#x43A;&#x440;&#x443;&#x433;&#x43B;&#x44B;&#x439; &#x448;&#x442;&#x430;&#x43C;&#x43F; &#x413;&#x41F;&#x411;. &#x41D;&#x430; &#x441;.[1] &#x448;&#x442;&#x430;&#x43C;&#x43F; &#x434;&#x435;&#x437;&#x438;&#x43D;&#x444;&#x435;&#x43A;&#x446;&#x438;&#x438; 1951 &#x433;. &#x420;&#x430;&#x437;&#x43C;&#x435;&#x440;: 17,8&#x445;10,9&#x445;0,3 &#x441;&#x43C;.</subfield>
    <subfield code="5">NLR: 18.237.4.265</subfield>
  </datafield>
  <datafield tag="321" ind1="1" ind2=" ">
    <subfield code="a">&#x421;&#x41A; XVIII 834</subfield>
  </datafield>
  <datafield tag="325" ind1=" " ind2=" ">
    <subfield code="a">&#x41A;&#x43E;&#x43F;&#x438;&#x44F; &#x434;&#x43E;&#x441;&#x442;&#x443;&#x43F;&#x43D;&#x430; &#x432; &#x42D;&#x43B;&#x435;&#x43A;&#x442;&#x440;&#x43E;&#x43D;. &#x431;-&#x43A;&#x435; &#x420;&#x41D;&#x411;</subfield>
  </datafield>
  <datafield tag="517" ind1="1" ind2=" ">
    <subfield code="a">&#x411;&#x43B;&#x430;&#x433;&#x43E;&#x43F;&#x43E;&#x43B;&#x443;&#x447;&#x43D;&#x430;&#x44F; &#x43E;&#x441;&#x43F;&#x430;</subfield>
  </datafield>
  <datafield tag="620" ind1=" " ind2=" ">
    <subfield code="d">&#x41C;&#x43E;&#x441;&#x43A;&#x432;&#x430;</subfield>
  </datafield>
  <datafield tag="700" ind1=" " ind2="1">
    <subfield code="4">070</subfield>
    <subfield code="7">ca</subfield>
    <subfield code="8">rus</subfield>
    <subfield code="a">&#x41B;&#x435; &#x424;&#x443;&#x440;&#x43D;&#x44C;&#x435; &#x434;&#x435; &#x412;&#x430;&#x440;&#x436;&#x435;&#x43C;&#x43E;&#x43D;</subfield>
    <subfield code="b">&#x410;.-&#x424;.</subfield>
    <subfield code="f">1754-&#x43E;&#x43A;.1797</subfield>
    <subfield code="g">&#x410;&#x43B;&#x44C;&#x431;&#x435;&#x440;-&#x424;&#x440;&#x430;&#x43D;&#x441;&#x443;&#x430;</subfield>
    <subfield code="3">RU\NLR\AUTH\770168398</subfield>
    <subfield code="9">168350</subfield>
  </datafield>
  <datafield tag="702" ind1=" " ind2="1">
    <subfield code="4">730</subfield>
    <subfield code="7">ca</subfield>
    <subfield code="8">rus</subfield>
    <subfield code="a">&#x415;&#x43D;&#x433;&#x430;&#x43B;&#x44B;&#x447;&#x435;&#x432;</subfield>
    <subfield code="b">&#x41F;. &#x41D;.</subfield>
    <subfield code="f">1769-1829</subfield>
    <subfield code="g">&#x41F;&#x430;&#x440;&#x444;&#x435;&#x43D;&#x438;&#x439; &#x41D;&#x438;&#x43A;&#x43E;&#x43B;&#x430;&#x435;&#x432;&#x438;&#x447;</subfield>
    <subfield code="9">167348</subfield>
    <subfield code="3">RU\NLR\AUTH\770167395</subfield>
  </datafield>
  <datafield tag="702" ind1=" " ind2="1">
    <subfield code="a">&#x41F;&#x43E;&#x43D;&#x43E;&#x43C;&#x430;&#x440;&#x435;&#x432;</subfield>
    <subfield code="4">610</subfield>
  </datafield>
  <datafield tag="712" ind1="0" ind2="2">
    <subfield code="4">610</subfield>
    <subfield code="a">&#x41F;&#x43E;&#x43D;&#x43E;&#x43C;&#x430;&#x440;&#x435;&#x432;&#x44B;, &#x442;&#x438;&#x43F;&#x43E;&#x433;&#x440;&#x430;&#x444;&#x438;&#x44F;</subfield>
    <subfield code="c">&#x41C;&#x43E;&#x441;&#x43A;&#x432;&#x430;</subfield>
    <subfield code="3">RU\NLR\AUTH\8810035671</subfield>
    <subfield code="9">569762</subfield>
  </datafield>
  <datafield tag="801" ind1=" " ind2="0">
    <subfield code="a">RU</subfield>
    <subfield code="b">NLR</subfield>
    <subfield code="c">19960508</subfield>
  </datafield>
  <datafield tag="852" ind1=" " ind2=" ">
    <subfield code="a">NLR</subfield>
    <subfield code="j">18.237.4.265</subfield>
  </datafield>
  <datafield tag="856" ind1=" " ind2="0">
    <subfield code="u">http://vivaldi.nlr.ru/bx700000219/view</subfield>
  </datafield>
  <datafield tag="856" ind1=" " ind2="1">
    <subfield code="u">http://vivaldi.nlr.ru/bx700000219/cover</subfield>
  </datafield>
  <datafield tag="856" ind1=" " ind2="2">
    <subfield code="u">http://vivaldi.nlr.ru/bx700000219/text</subfield>
  </datafield>
  <datafield tag="899" ind1=" " ind2=" ">
    <subfield code="a">&#x411;&#x410;&#x41D;</subfield>
  </datafield>
  <datafield tag="942" ind1=" " ind2=" ">
    <subfield code="c">BOOK</subfield>
  </datafield>
  <datafield tag="980" ind1=" " ind2=" ">
    <subfield code="a">NB</subfield>
  </datafield>
  <datafield tag="980" ind1="3" ind2=" ">
    <subfield code="a">kpcivil</subfield>
  </datafield>
  <datafield tag="980" ind1="3" ind2=" ">
    <subfield code="a">kp</subfield>
  </datafield>
  <datafield tag="980" ind1=" " ind2=" ">
    <subfield code="a">A1XVIIIv</subfield>
  </datafield>
  <datafield tag="981" ind1="2" ind2="0">
    <subfield code="a">(20) &#x41A;&#x43D;&#x438;&#x436;&#x43D;&#x44B;&#x435; &#x43F;&#x430;&#x43C;&#x44F;&#x442;&#x43D;&#x438;&#x43A;&#x438; &#x420;&#x41D;&#x411;</subfield>
    <subfield code="b">(20) &#x420;&#x443;&#x441;&#x441;&#x43A;&#x438;&#x439; &#x43A;&#x43D;&#x438;&#x436;&#x43D;&#x44B;&#x439; &#x444;&#x43E;&#x43D;&#x434;</subfield>
  </datafield>
  <datafield tag="995" ind1=" " ind2=" ">
    <subfield code="5">2016-05-13</subfield>
    <subfield code="b">NLR02</subfield>
    <subfield code="c">NLR02</subfield>
    <subfield code="e">RFS</subfield>
    <subfield code="f">9673160-10</subfield>
    <subfield code="k">18.237.4.265</subfield>
    <subfield code="o">0</subfield>
    <subfield code="r">BOOK</subfield>
    <subfield code="s">182374265_</subfield>
  </datafield>
</record>
